Statistics for the simpsons quiz

Click here to take the quiz!

General Stats

  • This quiz has been taken 1,539 times
  • The average score is 13 of 15

Answer Stats

Hint Answer % Correct
he in the simpsons family and hes verry dumhomer
99%
hes very naughty and in the simpsons familybart
99%
shes verry smartlisa
99%
he works at a barmoe
98%
works at quickie marketapu
97%
shes a girl and has blue hairmarge
97%
shes a baby and in the simpsons familymaggie
97%
he has glasses and barts friendmilhouse
96%
hes black and works wif homercarl
93%
he drinks alotbarney
92%
hes a bully that bullys bartnelson
92%
one of homers workmatelenny
91%
he drives a bus to schoolotto
90%
hes another bulliejimbo
72%
hes very gay and gets bashed all the timeralph
27%

Score Distribution

Percentile by Number Answered

Percent of People with Each Score

Your Score History

You have not taken this quiz